000 00445nam a2200145Ia 4500
008 100204s9999 xx 000 0 und d
082 _b13602
100 _aवालावलकर सी. पू.
245 _aवस्तीकडे
260 _b"उदयदीप प्रकाशन , मुंबई"
_c1981
300 _a128
630 _aवस्तीकडे
730 _aवस्तीकडे
942 _cBOOK
999 _c458034
_d458031